Cartas de Clash Royale - Estadísticas

Estadísticas generales
  • Esta prueba ha sido intentada 575 veces
  • La puntuación promedio es 86 de 121
Estadísticas de respuestas
Coste Calidad % Correcto
1 de elixir Esqueletos
97%
2 de elixir Duendes
95%
1 de elixir Espíritu de hielo
95%
1 de elixir Espíritu de fuego
94%
3 de elixir Caballero
93%
8 de elixir Gólem
92%
5 de elixir Mago
91%
7 de elixir P.E.K.K.A.
91%
5 de elixir Gigante
90%
7 de elixir Megacaballero
90%
2 de elixir El Tronco
89%
? de elixir Espejo
88%
1 de elixir Espíritu eléctrico
88%
3 de elixir Arqueras
87%
4 de elixir Bola de fuego
87%
3 de elixir Mago de hielo
87%
4 de elixir Mago eléctrico
87%
4 de elixir Mini P.E.K.K.A.
87%
4 de elixir Mosquetera
87%
3 de elixir Princesa
87%
5 de elixir Bruja
86%
5 de elixir Puercos reales
86%
2 de elixir Descarga
85%
1 de elixir Espíritu sanador
85%
4 de elixir Torre Tesla
85%
5 de elixir Bárbaros
84%
3 de elixir Barril de duendes
84%
3 de elixir Flechas
84%
5 de elixir Príncipe
84%
3 de elixir Bandida
82%
3 de elixir Cañón
82%
4 de elixir Montapuercos
82%
9 de elixir Trío de mosqueteras
82%
4 de elixir Choza de duendes
81%
6 de elixir Gigante noble
81%
3 de elixir Ejército de esqueletos
80%
4 de elixir Bebé dragón
79%
6 de elixir Choza de bárbaros
79%
6 de elixir Cohete
79%
3 de elixir Gólem de elixir
79%
5 de elixir Reina arquera
79%
4 de elixir Rey esqueleto
79%
2 de elixir Gólem de hielo
78%
3 de elixir Minero
78%
5 de elixir Torre infernal
78%
4 de elixir Dragón infernal
77%
3 de elixir Esbirros
77%
4 de elixir Príncipe oscuro
77%
2 de elixir Furia
75%
5 de elixir Globo bombástico
75%
3 de elixir Pandilla de duendes
75%
6 de elixir Rayo
75%
4 de elixir Valquiria
75%
4 de elixir Bruja madre
74%
6 de elixir Chispitas
74%
4 de elixir Hielo
74%
7 de elixir Sabueso de lava
74%
6 de elixir Bárbaros de élite
73%
2 de elixir Bola de nieve
73%
4 de elixir Bruja nocturna
73%
4 de elixir Caballero dorado
73%
3 de elixir Duende lanzadardos
73%
3 de elixir Principito
73%
7 de elixir Gigante eléctrico
72%
2 de elixir Bombardero
71%
5 de elixir Dragón eléctrico
71%
5 de elixir Horda de esbirros
71%
2 de elixir Barril de bárbaro
70%
4 de elixir Leñador
70%
5 de elixir Monje
70%
6 de elixir Ballesta
69%
6 de elixir Bandida lider
69%
6 de elixir Esqueleto gigante
69%
4 de elixir Arquero mágico
68%
5 de elixir Cementerio
68%
2 de elixir Murciélagos
68%
4 de elixir Gran minero
67%
3 de elixir Lápida
67%
3 de elixir Lanzafuegos
66%
7 de elixir Reclutas reales
66%
6 de elixir Duende gigante
65%
5 de elixir Montacarneros
65%
3 de elixir Barril de esqueletos
64%
3 de elixir Clon
64%
4 de elixir Torre bombardera
64%
2 de elixir Berserker
63%
3 de elixir Fantasma real
63%
4 de elixir Mortero
63%
4 de elixir Veneno
63%
2 de elixir Rompemuros
62%
4 de elixir Horno
61%
3 de elixir Enredadera
60%
4 de elixir Curandera guerrera
59%
3 de elixir Guardias
59%
6 de elixir Recolector de elixir
59%
3 de elixir Paquete real
58%
3 de elixir Tornado
57%
4 de elixir Dragones esqueleto
56%
3 de elixir Terremoto
56%
3 de elixir Vacío
56%
5 de elixir Verdugo
56%
5 de elixir Cañón con ruedas
55%
3/6 de elixir Emperatriz espiritual
54%
4 de elixir Gigante rúnica
53%
2 de elixir Maldición duende
53%
3 de elixir Pescador
52%
4 de elixir Ariete de batalla
51%
5 de elixir Pillos
51%
5 de elixir Máquina duende
50%
4 de elixir Jaula del forzudo
49%
4 de elixir Máquina voladora
49%
3 de elixir Megaesbirro
49%
5 de elixir Duendenstein
47%
5 de elixir Lanzarrocas
47%
4 de elixir Cazador
46%
4 de elixir Fénix
44%
2 de elixir Duendes con lanzas
43%
2 de elixir Arbusto sospechoso
42%
4 de elixir Excavadora de duendes
42%
4 de elixir Electrocutadores
41%
4 de elixir Demoledor duende
30%
No se encontraron pruebas coincidentes
Distribución de puntuación
Porcentaje de gente con cada puntuación
Porcentaje por número respondido
Historial de tus puntuaciones
No has intentado esta prueba.